| 000 | 00431nam a2200133Ia 4500 | ||
|---|---|---|---|
| 008 | 170221s9999 xx 000 0 und d | ||
| 100 | _aTrainor, Joseph E. | ||
| 245 | _aAuditor reporting decisions and audit fees | ||
| 245 | _cJoseph E. Trainor, St. John’s University. | ||
| 260 | _bJournal of Management and Marketing Research | ||
| 260 | _c2015 | ||
| 650 | _xBusiness | ||
| 856 | _uhttp://www.aabri.com/manuscripts/162403.pdf | ||
| 999 |
_c309346 _d309346 |
||